LEADER 00947nam a2200217 i 4500 001 000000168809 003 CaOOAMICUS 005 20101105000000.0 008 101105s2000 it u000 u ita u 013 $a146211 040 $aSeMil$bita 100 1 $aBarsotti, Divo,$c.$0(OLS)http://semarc/name/15111 245 13$aLa vita in Cristo :$bi sacramenti dell'iniziazione /$cDivo Barsotti. 260 $aS. Lazzaro di Savena (Bo) :$bPaccagnella,$cstampa 2000. 300 $a214 p. ;$c22 cm. 650 4$aIniziazione cristiana - Teologia liturgica.$0(OLS)http://semarc/subject/15812 850 $aSeMil 852 $aSeMil$W1$xVenegono$y1$m3K IV 99$j119816$B119816$CSeMilBibl$Z2$F157722 $81 961 $aOmaggio: Paleari don Marco 996 $6245$aLa vita in Cristo :$bi sacramenti dell'iniziazione$9(OLS)http://semarc/title/241477 996 $6260$aS. Lazzaro di Savena (Bo) :$bPaccagnella$9(OLS)http://semarc/publisher/45286 LEADER 01106nam a2200217 i 4500 001 000000069327 003 CaOOAMICUS 005 20130906000000.0 008 130906s1880 it u000 u ita u 013 $a40499 040 $aSeMil$bita 100 1 $aCornoldi, Giovanni Maria,$c.$0(OLS)http://semarc/name/32685 245 13$aLa riforma della filosofia promossa dall'Enciclica Aeterni Patris di S. S. Leone Papa 13. :$bcommentario /$cper Giovanni Maria Cornoldi. 260 $aBologna :$bTipografia pont. Mareggiani,$c1880. 300 $a162 p. ;$c19 cm. 650 4$aFilosofia neoscolastica.$0(OLS)http://semarc/subject/6346 650 4$aLeone XIII - Encicliche . Aeterni Patris.$0(OLS)http://semarc/subject/9872 850 $aSeMil 852 $aSeMil$W1$xVenegono$y1$m2Q II 103 FA$j35480$B35480$CSeMilBibl$Z2$F35483 $8I 996 $6245$aLa riforma della filosofia promossa dall'Enciclica Aeterni Patris di S. S. Leone Papa 13. :$bcommentario$9(OLS)http://semarc/title/110959 996 $6260$aBologna :$bTipografia pont. Mareggiani$9(OLS)http://semarc/publisher/38683